Countries by First Two Letters of Capitals and Borders in 60 Seconds - Statistics

General Stats
  • This quiz has been taken 2,122 times
  • The average score is 145 of 157
Answers on the Map
Answers color-coded by a green-red scale on the quiz's map according to % correct below.
 
Answer Stats
Country % Correct
Ukraine
100%
Argentina
99%
Belarus
99%
Brazil
99%
China
99%
Colombia
99%
France
99%
Germany
99%
India
99%
Italy
99%
Lithuania
99%
Mexico
99%
Mozambique
99%
Poland
99%
Russia
99%
Spain
99%
Belgium
98%
Bolivia
98%
Cameroon
98%
Czech Republic
98%
Guyana
98%
Myanmar
98%
Netherlands
98%
Pakistan
98%
Serbia
98%
Slovakia
98%
South Africa
98%
Sudan
98%
Tanzania
98%
United States
98%
Zimbabwe
98%
Afghanistan
97%
Austria
97%
Azerbaijan
97%
Burkina Faso
97%
Croatia
97%
D. R. Congo
97%
Finland
97%
Guatemala
97%
Hungary
97%
Iraq
97%
Israel
97%
Kazakhstan
97%
Lesotho
97%
Libya
97%
Luxembourg
97%
Mongolia
97%
Nepal
97%
Niger
97%
Norway
97%
Peru
97%
Saudi Arabia
97%
Swaziland
97%
Turkey
97%
Venezuela
97%
Zambia
97%
Algeria
96%
Bosnia and Herzegovina
96%
Botswana
96%
Bulgaria
96%
Canada
96%
Chile
96%
Gabon
96%
Guinea
96%
Iran
96%
Laos
96%
Mali
96%
Montenegro
96%
North Korea
96%
Rep. of the Congo
96%
Romania
96%
Switzerland
96%
Syria
96%
United Kingdom
96%
Uruguay
96%
Benin
95%
Bhutan
95%
Costa Rica
95%
Côte d'Ivoire
95%
Egypt
95%
Ethiopia
95%
Kenya
95%
Malawi
95%
Morocco
95%
Namibia
95%
Paraguay
95%
Central African Republic
94%
Equatorial Guinea
94%
Georgia
94%
Honduras
94%
Latvia
94%
Nicaragua
94%
Oman
94%
Tajikistan
94%
Estonia
93%
Jordan
93%
Kyrgyzstan
93%
Macedonia
93%
Portugal
93%
Somalia
93%
South Sudan
93%
Armenia
92%
Djibouti
92%
Suriname
92%
Togo
92%
Chad
91%
Denmark
91%
Ireland
91%
Panama
91%
Senegal
91%
Vietnam
91%
Yemen
91%
Belize
90%
Greece
90%
Kosovo
90%
Mauritania
90%
Sweden
90%
Andorra
89%
Angola
89%
Ecuador
89%
Malaysia
89%
Nigeria
89%
Thailand
89%
Turkmenistan
89%
El Salvador
88%
Indonesia
88%
Kuwait
88%
Liberia
88%
Uzbekistan
88%
Monaco
87%
Sierra Leone
87%
Tunisia
87%
Cambodia
86%
Ghana
86%
Bangladesh
85%
Dominican Republic
85%
Haiti
85%
Lebanon
85%
Uganda
85%
United Arab Emirates
85%
Albania
84%
Liechtenstein
84%
Papua New Guinea
84%
Rwanda
84%
Moldova
83%
Gambia
81%
Qatar
81%
San Marino
81%
Sri Lanka
81%
Slovenia
80%
Brunei
79%
Burundi
78%
Eritrea
77%
Guinea-Bissau
73%
South Korea
73%
East Timor
72%
Vatican City
50%
No matching quizzes found
Score Distribution
Percent of People with Each Score
Percentile by Number Answered
Your Score History
You have not taken this quiz